| 000 | 00956nam a22002297a 4500 | ||
|---|---|---|---|
| 001 | 44543 | ||
| 003 | BD-RjUL | ||
| 005 | 20211209053857.0 | ||
| 008 | 160718s1970 ii ||||| |||| 00| 0 ben d | ||
| 035 | _a(BD-RjUL)44661 | ||
| 040 |
_aBD-RjUL _bben _cBD-RjUL |
||
| 041 | _aben | ||
| 082 |
_223 _a 891.4409 _bCHB 1970 |
||
| 100 |
_aচট্রোপাধ্যায়, সুনীলকুমার _9127779 |
||
| 245 | 1 | 0 |
_aবিভূতিভূণ : জীবন ও সাহিত্য / _cসুনীলকুমার চট্রোপাধ্যায় |
| 250 | _a১ম সং. | ||
| 260 |
_aকলিকাতা : _bজিজ্ঞাসা, _c১৯৭০ |
||
| 300 |
_a[১৬], ৫১৬ পৃ. ; _c২১ সেমি. |
||
| 650 |
_aবাংলা সাহিত্য _xইতিহাস ও সমালোচনা _9127780 |
||
| 650 |
_aBengali Literature _xHistory & Criticism _9127781 |
||
| 942 |
_2ddc _cBK |
||
| 999 |
_c44543 _d44543 |
||